000751475 001__ 751475 000751475 005__ 20221027134228.0 000751475 0247_ $$2ISSN$$a1867-0202 000751475 0247_ $$2ISSN$$a2363-7005 000751475 0247_ $$2SCOPUS$$aSCOPUS:2-s2.0-85058080727 000751475 0247_ $$2WOS$$aWOS:000451062700002 000751475 0247_ $$2doi$$a10.1007/s12599-018-0561-1 000751475 037__ $$aRWTH-2018-231384 000751475 041__ $$aEnglish 000751475 082__ $$a004 000751475 1001_ $$0P:(DE-82)IDM02412$$avan der Aalst, Wil M. P.$$b0$$urwth 000751475 245__ $$aViews on the Past, Present, and Future of Business and Information Systems Engineering$$honline 000751475 260__ $$aAtlanta, Georgia$$bAIS$$c2018 000751475 3367_ $$00$$2EndNote$$aJournal Article 000751475 3367_ $$0PUB:(DE-HGF)16$$2PUB:(DE-HGF)$$aJournal Article$$bjournal$$mjournal 000751475 3367_ $$2BibTeX$$aARTICLE 000751475 3367_ $$2DRIVER$$aarticle 000751475 3367_ $$2DataCite$$aOutput Types/Journal article 000751475 3367_ $$2ORCID$$aJOURNAL_ARTICLE 000751475 588__ $$aDataset connected to Web of Science, Web of Science, , CrossRef 000751475 591__ $$aAustria 000751475 591__ $$aFinland 000751475 591__ $$aGermany 000751475 591__ $$aPeoples R China 000751475 591__ $$aSweden 000751475 591__ $$aSwitzerland 000751475 591__ $$aUSA 000751475 7001_ $$aBecker, Jörg$$b1 000751475 7001_ $$aBichler, Martin$$b2$$eCorresponding author 000751475 7001_ $$aBuhl, Hans Ulrich$$b3 000751475 7001_ $$aDibbern, Jens$$b4 000751475 7001_ $$aFrank, Ulrich$$b5 000751475 7001_ $$aHasenkamp, Ulrich$$b6 000751475 7001_ $$aHeinzl, Armin$$b7 000751475 7001_ $$aHinz, Oliver$$b8 000751475 7001_ $$aHui, Kai-Lung$$b9 000751475 7001_ $$0P:(DE-82)IDM00071$$aJarke, Matthias$$b10$$urwth 000751475 7001_ $$aKaragiannis, Dimitris$$b11 000751475 7001_ $$aKliewer, Natalia$$b12 000751475 7001_ $$aKönig, Wolfgang$$b13 000751475 7001_ $$aMendling, Jan$$b14 000751475 7001_ $$aMertens, Peter$$b15 000751475 7001_ $$aRossi, Matti$$b16 000751475 7001_ $$aVoss, Stefan$$b17 000751475 7001_ $$aWeinhardt, Christof$$b18 000751475 7001_ $$aWinter, Robert$$b19 000751475 7001_ $$aZdravkovic, Jelena$$b20 000751475 773__ $$0PERI:(DE-600)2478345-6$$a10.1007/s12599-018-0561-1$$n6$$p443-477$$tBusiness & information systems engineering$$v60$$x1867-0202$$y2018 000751475 909CO $$ooai:publications.rwth-aachen.de:751475$$pVDB 000751475 9101_ $$0I:(DE-588b)36225-6$$6P:(DE-82)IDM02412$$aRWTH Aachen$$b0$$kRWTH 000751475 9101_ $$0I:(DE-588b)36225-6$$6P:(DE-82)IDM00071$$aRWTH Aachen$$b10$$kRWTH 000751475 9141_ $$y2018 000751475 9151_ $$0StatID:(DE-HGF)0031$$2StatID$$aPeer reviewed article$$x0 000751475 915__ $$0StatID:(DE-HGF)0100$$2StatID$$aJCR$$bBUS INFORM SYST ENG+ : 2017 000751475 915__ $$0StatID:(DE-HGF)0111$$2StatID$$aWoS$$bScience Citation Index Expanded 000751475 915__ $$0StatID:(DE-HGF)0150$$2StatID$$aDBCoverage$$bWeb of Science Core Collection 000751475 915__ $$0StatID:(DE-HGF)0199$$2StatID$$aDBCoverage$$bClarivate Analytics Master Journal List 000751475 915__ $$0StatID:(DE-HGF)1160$$2StatID$$aDBCoverage$$bCurrent Contents - Engineering, Computing and Technology 000751475 915__ $$0StatID:(DE-HGF)9900$$2StatID$$aIF < 5 000751475 9201_ $$0I:(DE-82)122510_20140620$$k122510$$lLehrstuhl für Informatik 9 (Datenmanagement und -exploration)$$x0 000751475 9201_ $$0I:(DE-82)120000_20140620$$k120000$$lFachgruppe Informatik$$x1 000751475 9201_ $$0I:(DE-82)121810_20140620$$k121810$$lLehrstuhl für Informatik 5 (Informationssysteme und Datenbanken)$$x2 000751475 961__ $$c2018-12-10T11:00:28.007453$$x2018-12-10T11:00:28.007453$$z2018-12-10T11:00:28.007453 000751475 980__ $$aI:(DE-82)120000_20140620 000751475 980__ $$aI:(DE-82)121810_20140620 000751475 980__ $$aI:(DE-82)122510_20140620 000751475 980__ $$aUNRESTRICTED 000751475 980__ $$aVDB 000751475 980__ $$ajournal